[Event "ESP-ch Blitz"]
[Site "Mengibar"]
[Date "2024.08.16"]
[Round "1"]
[White "Iturrizaga Bonelli, Eduardo"]
[Black "Martin Perez, Laura"]
[Result "1-0"]
[WhiteElo "2577"]
[BlackElo "2093"]
[PlyCount "63"]
[EventDate "2024.08.16"]
[EventType "swiss (blitz)"]
[EventRounds "11"]
[EventCountry "ESP"]
[SourceTitle "CBM 221 Extra"]
[Source "ChessBase"]
[SourceDate "2024.09.30"]
[SourceVersion "1"]
[SourceVersionDate "2024.09.30"]
[SourceQuality "1"]

1. c4 Nf6 2. Nc3 c5 3. Nf3 Nc6 4. d4 cxd4 5. Nxd4 g6 6. g3 Bg7 7. Bg2 0-0 8. 0-0 d6 9. e3 Ng4 10. h3 Nxd4 11. exd4 Nh6 12. Bxh6 Bxh6 13. Re1 Rb8 14. Qb3 Bg7 15. Rad1 Re8 16. Nd5 Be6 17. Nf4 Bd7 18. h4 Bc6 19. c5 Bxg2 20. Kxg2 Qc7 21. Qa3 dxc5 22. dxc5 Qc6+ 23. Kg1 a6 24. b4 e6 25. Rd6 Qc7 26. Red1 Red8 27. Qd3 Bf6 28. Qe4 Be7 29. Nxe6 Rxd6 30. cxd6 Qd7 31. Nc5 Qd8 32. Qxe7 1-0

[Event "Catalunya-ch (Women)"]
[Site "Llinars del Valles"]
[Date "2022.10.29"]
[Round "2"]
[White "Martin Perez, Laura"]
[Black "Vinolas Anglada, Laura"]
[Result "1/2-1/2"]
[WhiteElo "2070"]
[BlackElo "1847"]
[PlyCount "189"]
[EventDate "2022.10.28"]
[EventType "tourn"]
[EventRounds "7"]
[EventCountry "ESP"]
[SourceTitle "EXT 2024"]
[Source "ChessBase"]
[SourceDate "2023.10.10"]
[SourceVersion "1"]
[SourceVersionDate "2023.10.10"]
[SourceQuality "1"]

1. e4 e5 2. Nf3 Nc6 3. Bb5 a6 4. Ba4 Nf6 5. d3 Bc5 6. 0-0 b5 7. Bb3 d6 8. a4 Rb8 9. axb5 axb5 10. Be3 0-0 11. h3 Bxe3 12. fxe3 Be6 13. Nbd2 Nd7 14. d4 Bxb3 15. cxb3 f5 16. exf5 Rxf5 17. Qc2 Ne7 18. Ra7 Rc8 19. Qd3 g6 20. Qxb5 exd4 21. Qc4+ d5 22. Qe2 dxe3 23. Qxe3 Rf6 24. Raa1 Nf5 25. Qe1 Nc5 26. g4 Nd6 27. Ra5 Nd3 28. Qe3 Nf4 29. Nd4 c5 30. Rxc5 Rxc5 31. Rxf4 Rxf4 32. Qxf4 Qe7 33. Nf1 Rc8 34. Qe3 Qxe3+ 35. Nxe3 Rc1+ 36. Kg2 Kf7 37. Kf3 Rb1 38. Nxd5 Rxb2 39. Nf4 Nb7 40. Nd3 Rb1 41. b4 Ke7 42. h4 Rh1 43. h5 gxh5 44. Nf4 hxg4+ 45. Kxg4 Kf6 46. Nh5+ Ke5 47. Nf3+ Kd5 48. Ng5 Rg1+ 49. Kf4 Rh1 50. Nxh7 Kc4 51. N7f6 Kxb4 52. Ng3 Re1 53. Nge4 Nc5 54. Nd5+ Kc4 55. Ne3+ Kb5 56. Nxc5 Kxc5 57. Ke4 Rh1 58. Nf5 Kc4 59. Ne3+ Kc3 60. Nd5+ Kd2 61. Kd4 Rh4+ 62. Ke5 Kd3 63. Nf4+ Kc4 64. Ke4 Rh8 65. Ke5 Re8+ 66. Ne6 Kb5 67. Kd5 Rh8 68. Nd4+ Kb4 69. Nc6+ Kc3 70. Ne5 Rh4 71. Nc6 Kd3 72. Ne5+ Kc3 73. Nc6 Rh5+ 74. Ne5 Rh8 75. Nc6 Kd3 76. Ne5+ Ke3 77. Nc4+ Kf4 78. Nd6 Rh1 79. Nc4 Rd1+ 80. Kc5 Ke4 81. Nd6+ Ke5 82. Nc4+ Ke6 83. Nb6 Rc1+ 84. Nc4 Rh1 85. Kd4 Rh5 86. Ne3 Kd6 87. Nc4+ Kc6 88. Ne5+ Kb5 89. Nd3 Rh8 90. Ne5 Rd8+ 91. Ke4 Kc5 92. Nd3+ Kc4 93. Ne5+ Kc3 94. Nf3 Re8+ 95. Ne5 1/2-1/2

[Event "Catalunya-ch"]
[Site "Vila Seca"]
[Date "2019.04.20"]
[Round "4"]
[White "Jul Perez, Alberto"]
[Black "Martin Perez, Laura"]
[Result "1/2-1/2"]
[WhiteElo "1945"]
[BlackElo "2105"]
[PlyCount "38"]
[EventDate "2019.04.18"]
[EventType "swiss"]
[EventRounds "8"]
[EventCountry "ESP"]
[SourceTitle "CBM 189 Extra"]
[Source "ChessBase"]
[SourceDate "2019.05.31"]
[SourceVersion "1"]
[SourceVersionDate "2019.05.31"]
[SourceQuality "1"]

1. d4 Nf6 2. Nf3 c5 3. e3 b6 4. g3 Bb7 5. Bg2 g6 6. 0-0 Bg7 7. c4 0-0 8. Nc3 cxd4 9. exd4 d6 10. Bg5 h6 11. Be3 Nbd7 12. Qd2 Ng4 13. Nh4 Nxe3 14. fxe3 Bxg2 15. Nxg2 Rc8 16. b3 Nf6 17. Rac1 Qd7 18. Nf4 h5 19. Qe2 Qb7 1/2-1/2

[Event "Balaguer rapid op 24th"]
[Site "Balaguer"]
[Date "2016.09.18"]
[Round "9"]
[White "Martin Perez, Laura"]
[Black "Gonzalez Rodriguez, Raul Omar"]
[Result "0-1"]
[WhiteElo "2078"]
[BlackElo "2263"]
[PlyCount "70"]
[EventDate "2016.09.18"]
[EventType "swiss (rapid)"]
[EventRounds "9"]
[EventCountry "ESP"]
[SourceTitle "CBM 174 Extra"]
[Source "ChessBase"]
[SourceDate "2016.10.10"]
[SourceVersion "1"]
[SourceVersionDate "2016.10.10"]
[SourceQuality "1"]

1. e4 c5 2. Nf3 Qc7 3. d4 cxd4 4. Nxd4 Nf6 5. Nc3 a6 6. Bd3 e6 7. 0-0 Nc6 8. Nb3 b5 9. a3 Be7 10. f4 d6 11. Qf3 Rb8 12. Bd2 Bb7 13. Qg3 Kf8 14. Rae1 h5 15. h3 h4 16. Qf2 Nh5 17. f5 Bf6 18. fxe6 fxe6 19. Bg5 Kg8 20. Bxh4 Ne5 21. Bxf6 Nxf6 22. Nd4 Qe7 23. Nf3 Nfd7 24. Nxe5 Nxe5 25. Qg3 Rh6 26. Ne2 Rg6 27. Qf2 Rc8 28. Nf4 Rh6 29. Re2 g5 30. Qg3 Qg7 31. Nxe6 Rxe6 32. Rf5 Rg6 33. Ref2 Bc6 34. Rf1 Bd7 35. R5f2 Be6 0-1

[Event "Heraklion op 18th"]
[Site "Heraklion"]
[Date "2016.09.10"]
[Round "9"]
[White "Papidakis, Georgios"]
[Black "Martin Perez, Laura"]
[Result "0-1"]
[WhiteElo "1443"]
[BlackElo "2078"]
[PlyCount "124"]
[EventDate "2016.09.03"]
[EventType "swiss"]
[EventRounds "9"]
[EventCountry "GRE"]
[SourceTitle "CBM 174 Extra"]
[Source "ChessBase"]
[SourceDate "2016.10.10"]
[SourceVersion "1"]
[SourceVersionDate "2016.10.10"]
[SourceQuality "1"]

1. d4 Nf6 2. Nf3 c5 3. e3 g6 4. b3 Bg7 5. Bb2 0-0 6. Nbd2 b6 7. Bd3 Bb7 8. 0-0 Nc6 9. a3 d5 10. Ne5 Nd7 11. f4 e6 12. Qf3 f6 13. Nxc6 Bxc6 14. Qh3 Qe7 15. g4 f5 16. g5 b5 17. Be2 Rfc8 18. Nf3 c4 19. b4 Nb6 20. c3 Na4 21. Rfb1 a5 22. Qf1 Ra6 23. Qe1 Nxb2 24. Rxb2 Rca8 25. Rc1 Be8 26. Rbc2 Qa7 27. Qd2 Bf8 28. Qd1 axb4 29. axb4 Ra3 30. Qd2 Rb3 31. Ne5 Qa3 32. Kf2 Ra7 33. Bd1 Be7 34. Be2 Kg7 35. h4 Bxb4 36. cxb4 Qxb4 37. Qxb4 Rxb4 38. Nf3 Ra3 39. Rc3 Ra2 40. R1c2 Ra1 41. Rc1 Ra2 42. R3c2 Rba4 43. Bd1 b4 44. Ke1 b3 45. Rxa2 Rxa2 46. Rb1 Ba4 47. Nd2 Ra3 48. Ke2 Kf8 49. Nf3 Ra2+ 50. Ke1 Ke7 51. Nd2 Ra3 52. Be2 c3 53. Nxb3 Bxb3 54. Rc1 Ba4 55. Bd3 Kd6 56. Bc2 Bxc2 57. Rxc2 Kc6 58. Ke2 Kb5 59. Kd3 Kb4 60. Rc1 Rb3 61. Rc2 Rb1 62. Ra2 Rb2 0-1

[Event "Barcelona Sant Marti op-A 18th"]
[Site "Barcelona"]
[Date "2016.07.15"]
[Round "3"]
[White "Lillo Castany, Victor"]
[Black "Martin Perez, Laura"]
[Result "1-0"]
[WhiteElo "2312"]
[BlackElo "2104"]
[PlyCount "87"]
[EventDate "2016.07.13"]
[EventType "swiss"]
[EventRounds "9"]
[EventCountry "ESP"]
[SourceTitle "CBM 173 Extra"]
[Source "ChessBase"]
[SourceDate "2016.08.29"]
[SourceVersion "1"]
[SourceVersionDate "2016.08.29"]
[SourceQuality "1"]

1. e4 e5 2. Nf3 Nc6 3. Bb5 a6 4. Ba4 Nf6 5. d3 b5 6. Bb3 Be7 7. a4 Rb8 8. axb5 axb5 9. 0-0 0-0 10. Nc3 d6 11. Nd5 h6 12. Be3 Re8 13. h3 Bf8 14. Qd2 Be6 15. Nxf6+ Qxf6 16. Bxe6 Qxe6 17. Qc3 Qd7 18. Ra6 Nd8 19. b4 g6 20. Qd2 Kh7 21. Nh2 g5 22. Rfa1 Be7 23. Nf1 f5 24. exf5 Qxf5 25. Ng3 Qg6 26. Qe2 Ne6 27. Qg4 Bf6 28. R1a5 Bh8 29. Qf3 Rf8 30. Qd5 Qe8 31. Ra7 Bg7 32. Ne4 Rf7 33. Nc3 Nd4 34. Qe4+ Kg8 35. Bxd4 exd4 36. Ra8 Re7 37. Qd5+ Kh7 38. Rxb8 Qxb8 39. Ra8 Qxa8 40. Qxa8 dxc3 41. Kf1 Kg6 42. Qc6 Bf6 43. Qxb5 Bg7 44. Qc4 1-0

[Event "Barbera del Valles op 39th"]
[Site "Barbera del Valles"]
[Date "2016.07.10"]
[Round "7"]
[White "Martin Perez, Laura"]
[Black "Herrera Reyes, Jose Antonio"]
[Result "1/2-1/2"]
[WhiteElo "2104"]
[BlackElo "2253"]
[PlyCount "60"]
[EventDate "2016.07.04"]
[EventType "swiss"]
[EventRounds "9"]
[EventCountry "ESP"]
[SourceTitle "EXT 2017"]
[Source "ChessBase"]
[SourceDate "2016.10.25"]
[SourceVersion "1"]
[SourceVersionDate "2016.10.25"]
[SourceQuality "1"]

1. e4 c5 2. Nf3 e6 3. d4 cxd4 4. Nxd4 a6 5. c4 Qc7 6. Nc3 Nf6 7. a3 b6 8. Be3 Bb7 9. f3 Be7 10. Be2 h5 11. 0-0 h4 12. Rc1 d6 13. Qd2 Nbd7 14. Rfd1 Rc8 15. b4 Qb8 16. Nb3 h3 17. g3 Ne5 18. Na4 Ned7 19. Qd4 Bd8 20. Bf2 Bc7 21. Qe3 Ba8 22. Qg5 Kf8 23. Qe3 g6 24. Bf1 Kg7 25. Nd4 Ne5 26. Be2 Rce8 27. Qc3 Rc8 28. Qe3 Rce8 29. Qc3 Rc8 30. Qe3 Rce8 1/2-1/2

[Event "Llinars del Valles op-A 10th"]
[Site "Llinars del Valles"]
[Date "2016.04.30"]
[Round "5"]
[White "Martin Perez, Laura"]
[Black "Romero Perera, Eugeni"]
[Result "1-0"]
[WhiteElo "2058"]
[BlackElo "2001"]
[PlyCount "55"]
[EventDate "2016.04.02"]
[EventType "swiss"]
[EventRounds "9"]
[EventCountry "ESP"]
[SourceTitle "CBM 172 Extra"]
[Source "ChessBase"]
[SourceDate "2016.06.21"]
[SourceVersion "1"]
[SourceVersionDate "2016.06.21"]
[SourceQuality "1"]

1. e4 d5 2. exd5 Qxd5 3. Nc3 Qa5 4. d4 Nf6 5. Bc4 Bg4 6. Nge2 e6 7. f3 Bh5 8. Bd2 c6 9. Ng3 Bg6 10. Bb3 Qc7 11. Qe2 Be7 12. Nge4 0-0 13. 0-0-0 Re8 14. h4 h6 15. g4 Nd5 16. h5 Nxc3 17. Nxc3 Bh7 18. Rdg1 Bf6 19. d5 Nd7 20. dxe6 fxe6 21. Qf2 Nb6 22. f4 Kh8 23. g5 hxg5 24. fxg5 Be5 25. g6 Rf8 26. Qe2 Bg8 27. h6 Bf4 28. h7 1-0

[Event "Llinars del Valles op-A 10th"]
[Site "Llinars del Valles"]
[Date "2016.04.23"]
[Round "4"]
[White "Fernandez Aguilar, Francisco"]
[Black "Martin Perez, Laura"]
[Result "1/2-1/2"]
[WhiteElo "2051"]
[BlackElo "2058"]
[PlyCount "90"]
[EventDate "2016.04.02"]
[EventType "swiss"]
[EventRounds "9"]
[EventCountry "ESP"]
[SourceTitle "CBM 172 Extra"]
[Source "ChessBase"]
[SourceDate "2016.06.21"]
[SourceVersion "1"]
[SourceVersionDate "2016.06.21"]
[SourceQuality "1"]

1. e4 c5 2. c3 Nf6 3. e5 Nd5 4. d4 e6 5. Nf3 Nc6 6. Bc4 Nb6 7. Bd3 d6 8. dxc5 dxc5 9. Qe2 Qc7 10. 0-0 Be7 11. Re1 Bd7 12. Bg5 Nd5 13. Na3 a6 14. Bxe7 Ncxe7 15. Nc4 Nc8 16. g3 h6 17. Rad1 Bc6 18. Be4 b5 19. Nd6+ Nxd6 20. Bxd5 Bxd5 21. Rxd5 Nf5 22. Rd2 0-0 23. Red1 Rfd8 24. Rxd8+ Rxd8 25. Rxd8+ Qxd8 26. Qd2 Qa8 27. Qe2 Qd5 28. b3 b4 29. c4 Qd7 30. Qd2 Qc7 31. g4 Ne7 32. Qd6 Qxd6 33. exd6 Nc6 34. d7 f6 35. Ne1 Kf7 36. Nd3 Ke7 37. Nxc5 a5 38. f4 Kd6 39. Nd3 Kxd7 40. Kf2 Kd6 41. Ke3 f5 42. gxf5 exf5 43. Ne1 Kc5 44. Nd3+ Kd6 45. Ne1 Kc5 1/2-1/2

[Event "Llinars del Valles op-A 10th"]
[Site "Llinars del Valles"]
[Date "2016.04.16"]
[Round "3"]
[White "Martin Perez, Laura"]
[Black "Baltasar Diaz, Vicente"]
[Result "1-0"]
[WhiteElo "2058"]
[BlackElo "1751"]
[PlyCount "53"]
[EventDate "2016.04.02"]
[EventType "swiss"]
[EventRounds "9"]
[EventCountry "ESP"]
[SourceTitle "CBM 172 Extra"]
[Source "ChessBase"]
[SourceDate "2016.06.21"]
[SourceVersion "1"]
[SourceVersionDate "2016.06.21"]
[SourceQuality "1"]

1. d4 e6 2. c4 f5 3. Nc3 Nf6 4. f3 d5 5. e4 dxe4 6. fxe4 fxe4 7. Bg5 Nc6 8. Nge2 Be7 9. Qd2 Nb4 10. Ng3 h6 11. Bxf6 e3 12. Qd1 Bxf6 13. Qh5+ Ke7 14. 0-0-0 Rf8 15. Be2 Nc6 16. d5 Nd4 17. Bg4 e5 18. Nge4 Bxg4 19. Qxg4 Qd7 20. Qg3 e2 21. Rde1 Qf5 22. Qd3 Bg5+ 23. Kb1 Qf4 24. Nxe2 Nxe2 25. Qxe2 Rae8 26. h4 Bxh4 27. Ref1 1-0

[Event "Llinars del Valles op-A 9th"]
[Site "Llinars del Valles"]
[Date "2015.05.16"]
[Round "6"]
[White "Franch Guiral, Ramon"]
[Black "Martin Perez, Laura"]
[Result "1/2-1/2"]
[WhiteElo "1924"]
[BlackElo "2062"]
[PlyCount "144"]
[EventDate "2015.04.11"]
[EventType "swiss"]
[EventRounds "9"]
[EventCountry "ESP"]
[SourceTitle "EXT 2016"]
[Source "ChessBase"]
[SourceDate "2015.10.08"]
[SourceVersion "1"]
[SourceVersionDate "2015.10.08"]
[SourceQuality "1"]

1. e4 e5 2. Nc3 Nc6 3. Bc4 Bc5 4. Nf3 Nf6 5. 0-0 d6 6. h3 Bb6 7. d3 h6 8. a3 Be6 9. Bxe6 fxe6 10. Na4 0-0 11. Nxb6 axb6 12. c3 Qe8 13. Qe2 Nh5 14. Ne1 Nf4 15. Bxf4 exf4 16. f3 Ra5 17. d4 Rh5 18. Rf2 Rf6 19. Nd3 Rh4 20. b4 Qh5 21. Kf1 Qg5 22. Ke1 e5 23. d5 Nb8 24. a4 Nd7 25. c4 Rf8 26. Qb2 Nf6 27. a5 Qg3 28. Kd2 Rh5 29. a6 bxa6 30. Rxa6 Rg5 31. Kc3 Rg6 32. Re2 Nh7 33. Ra7 Rc8 34. Qa2 Rf6 35. Ra8 Rcf8 36. Qa7 R6f7 37. c5 bxc5 38. bxc5 Qg5 39. Rb2 h5 40. Rxf8+ Nxf8 41. Qb8 Qg6 42. c6 Re7 43. Nb4 Qf6 44. Na6 Qf7 45. Rb7 Qg6 46. Rb2 Qf7 47. Kd3 Kh7 48. Qa7 Ng6 49. Ke2 Nh4 50. Qf2 Ng6 51. Rb7 Kh6 52. Nb8 Re8 53. Nd7 Rc8 54. Kf1 Kh7 55. Qa7 Ne7 56. Rxc7 Rxc7 57. Qxc7 Nxd5 58. exd5 Qf5 59. Qb6 Qd3+ 60. Kg1 Qxd5 61. c7 Qd1+ 62. Kh2 Qc2 63. Qxd6 e4 64. Qxf4 exf3 65. Nf8+ Kg8 66. Qxf3 Qxc7+ 67. Qg3 Qxg3+ 68. Kxg3 Kxf8 69. Kh4 g6 70. Kg5 Kf7 71. h4 Kg7 72. g3 Kf7 1/2-1/2

[Event "Roncana op-A 8th"]
[Site "Santa Eulalia de Roncana"]
[Date "2014.11.29"]
[Round "7"]
[White "Martin Perez, Laura"]
[Black "Centelles Vivas, Aleix"]
[Result "0-1"]
[WhiteElo "2212"]
[BlackElo "2026"]
[PlyCount "72"]
[EventDate "2014.10.11"]
[EventType "swiss"]
[EventRounds "8"]
[EventCountry "ESP"]
[SourceTitle "CBM 163 Extra"]
[Source "ChessBase"]
[SourceDate "2014.12.23"]
[SourceVersion "1"]
[SourceVersionDate "2014.12.23"]
[SourceQuality "1"]

1. e4 e6 2. d3 d5 3. Qe2 Nf6 4. Nf3 c5 5. g3 Be7 6. Bg2 Nc6 7. 0-0 b6 8. e5 Nd7 9. c4 d4 10. h4 Bb7 11. Bf4 Qc7 12. Re1 h6 13. Na3 a6 14. Nc2 0-0-0 15. b4 Rdg8 16. b5 Nd8 17. bxa6 Bxa6 18. a4 Nc6 19. Qd2 g5 20. hxg5 hxg5 21. Nxg5 Bxg5 22. Bxg5 Ndxe5 23. Bf6 Rh7 24. Bxe5 Nxe5 25. Qe2 Ng6 26. Qg4 Rhg7 27. Na3 Nf4 28. Qxf4 Qxf4 29. gxf4 Rxg2+ 30. Kf1 Bb7 31. Ke2 R8g3 32. Reb1 Re3+ 33. Kf1 Rxd3 34. Nb5 Bf3 35. Ra3 Rh2 36. Nd6+ Kd7 0-1

[Event "Llinars del Valles Tardor op 6th"]
[Site "Llinars del Valles"]
[Date "2014.11.14"]
[Round "6"]
[White "Molano Lafuente, Ismael"]
[Black "Martin Perez, Laura"]
[Result "0-1"]
[WhiteElo "2222"]
[BlackElo "2212"]
[PlyCount "92"]
[EventDate "2014.10.03"]
[EventType "swiss"]
[EventRounds "8"]
[EventCountry "ESP"]
[SourceTitle "CBM 163 Extra"]
[Source "ChessBase"]
[SourceDate "2014.12.23"]
[SourceVersion "1"]
[SourceVersionDate "2014.12.23"]
[SourceQuality "1"]

1. e4 c5 2. b3 Nc6 3. Bb2 e5 4. Bc4 Nf6 5. d3 d6 6. Nc3 a6 7. a4 g6 8. Nge2 Bg7 9. 0-0 0-0 10. Qd2 Nd4 11. Nd5 Nxd5 12. Bxd5 Rb8 13. c3 Nc6 14. f4 Ne7 15. c4 Nxd5 16. exd5 f5 17. fxe5 dxe5 18. Rae1 Qb6 19. Qc2 Bd7 20. Bc3 Qd6 21. Qd2 Rbe8 22. Ng3 h5 23. Nh1 b5 24. axb5 axb5 25. Nf2 b4 26. Bb2 Ra8 27. Ra1 Kh7 28. Qe2 Rfe8 29. Rfe1 Rxa1 30. Rxa1 e4 31. Bxg7 Kxg7 32. dxe4 fxe4 33. Qe3 Qf6 34. Re1 Bf5 35. g3 Qd4 36. h3 Qxe3 37. Rxe3 g5 38. g4 hxg4 39. hxg4 Bg6 40. Kf1 Kf6 41. Ke2 Ke5 42. Nh3 Ra8 43. Ke1 Kd4 44. Re2 e3 45. Nf2 Bd3 46. Nxd3 Ra1+ 0-1

[Event "Llinars del Valles Tardor op 6th"]
[Site "Llinars del Valles"]
[Date "2014.10.10"]
[Round "2"]
[White "Chamorro Perea, Antoni"]
[Black "Martin Perez, Laura"]
[Result "0-1"]
[WhiteElo "2036"]
[BlackElo "2212"]
[PlyCount "46"]
[EventDate "2014.10.03"]
[EventType "swiss"]
[EventRounds "8"]
[EventCountry "ESP"]
[SourceTitle "CBM 163 Extra"]
[Source "ChessBase"]
[SourceDate "2014.12.23"]
[SourceVersion "1"]
[SourceVersionDate "2014.12.23"]
[SourceQuality "1"]

1. d4 Nf6 2. Bg5 e6 3. e4 h6 4. Bxf6 Qxf6 5. Nf3 d6 6. c3 e5 7. Nbd2 Be7 8. Bc4 0-0 9. 0-0 Nc6 10. d5 Nb8 11. Be2 Qg6 12. Ne1 f5 13. f3 Nd7 14. exf5 Qxf5 15. Bd3 Qf7 16. Ne4 Qxd5 17. b3 Qc6 18. Bc4+ Kh8 19. Nc2 Nb6 20. Nb4 Qe8 21. Qe2 a5 22. Nd5 Nxd5 23. Bxd5 c6 0-1